| 000 | 00337nam a2200133Ia 4500 | ||
|---|---|---|---|
| 005 | 20251222155106.0 | ||
| 008 | 251222s9999||||xx |||||||||||||| ||spa|| | ||
| 082 | _aMEQ. 23 | ||
| 100 | _aBARE G. (*). | ||
| 245 | 0 | _aEmergencias Medicas y Quirurgicas 2da. Edic. | |
| 250 | _a1ra. ed. | ||
| 264 | _bEdimed ediciones med. | ||
| 942 | _cLIB | ||
| 999 |
_c37844 _d37844 |
||